000
00312nam a2200121Ia 4500
008
160319s9999 xx 000 0 und d
050
_a
959.9
050
_b
P187 2002
245
_a
Panahon, Kasaysayan at Lipunan: Kasaysayan ng Pilipinas I
260
_b
Diwa Textbooks
260
_c
2002
300
_a
298 pages :
999
_c
292264
_d
292264